00925nam a2200229 i 450000100060000000300090000600500170001500700030003200800410003510000420007624501530011825000120027126000590028330000290034250500190037165000540039070000440044470000480048885200210053699900170055795201210057451627ES-MaACL20231227161438.0t|030814s1967 sp |||| |dspa d1 aChico y Ortiz, José María.93849210aApuntes de derecho inmobiliario registral. nI / cJosé María Chico Ortiz, Juan Francisco Bonilla Encina ; prólogo de Pío Cabanillas Gallas. a2ª ed. aMadrid : b[s.n.], c1967 (fImp. Bolaños y Aguilar) a1 v. (990 p.) ; c24 cm.8 aContiene: v. 104aDerecho inmobiliario registral-zEspaña.9117151 aBonilla Encina, Juan Francisco.91672811 aCabanillas Gallas, Pío,d1923-1991933147 aES-MaACLjP-1317 c51627d51627 00104070aATENEOMbATENEOMcDEPO2d2008-01-17eSCl0oP-1317p1054292r2023-02-23 00:00:00w2023-02-23yMONOGRAFIA